Financial Crisis, Environmental Turbulence and International Trade. The Case of Italy

Finančná kríza z roku 2007 a jej vplyv po desiatich rokoch na geografickú oblasť medzinárodného obchodu Talianska.

Saved in:
Bibliographic Details
Main Author: Garbelli, Maria
Format: Book Chapter
Language:English
Subjects:
Tags: Add Tag
No Tags, Be the first to tag this record!

MARC

LEADER 00000nla a2200000 4500
001 0243859
005 20220803170650.7
041 0 |a eng 
044 |a MK 
245 1 0 |a Financial Crisis, Environmental Turbulence and International Trade. The Case of Italy  |c Maria Garbelli 
520 |a Finančná kríza z roku 2007 a jej vplyv po desiatich rokoch na geografickú oblasť medzinárodného obchodu Talianska. 
610 2 0 |a Taliansko 
610 2 0 |a kríza finančná 
610 2 0 |a kríza hospodárska 
610 2 0 |a obchod vnútorný 
610 2 0 |a obchod medzinárodný 
610 2 0 |a výskum aplikovaný 
610 2 0 |a dôsledky sociálne 
100 1 |a Garbelli, Maria